| 000 | 00751nam a22002177a 4500 | ||
|---|---|---|---|
| 999 |
_c4002 _d4002 |
||
| 003 | AR-CdUCM | ||
| 008 | 190307b ||||| |||| 00| 0 spa d | ||
| 040 |
_aMUNICIPALIDAD PROVINCIAL DEL CUSCO _cBIBLIOTECA MUNICIPAL DEL CUSCO |
||
| 082 |
_a376.51 / _bR52 |
||
| 100 |
_aRibeiro, Darcy _912785 |
||
| 245 | _aLa universidad peruana / | ||
| 260 |
_aLima : _bEdiciones del centro, _c1974. |
||
| 300 |
_a254 páginas ; _c20 cm. |
||
| 505 | _aLa universidad -- La universidad peruana -- Nuevo marco estructural -- Estructuración académica... | ||
| 650 |
_aUniversidad. _91570 |
||
| 650 |
_aUniversidad peruana. _912786 |
||
| 650 |
_aReestructuración académica. _912787 |
||
| 650 |
_aReforma. _94889 |
||
| 942 |
_2ddc _cLIBROS |
||
| 945 |
_awfj _d2019-03-07 |
||